000 01380nam a2200337 c 4500
999 _c21876
_d21876
003 BLK
005 20230626112848.0
008 180413b bul|||||r ||||||| ||bul||
010 _aKNG00024192000
040 _aBLK
041 _aBUL
_cBUL
080 _aНемска литература
_b821.112.2
_x(081.2)
_z821.112.2(081.2)
080 _aНемска литература
_b821.112.2
_x-31
_z821.112.2-31
100 1 _aМай, Карл
_eпърви автор
_9241916
139 _aМай, Карл
_bМ 16
245 1 0 _aИзбрани произведения
_bТ. 1 -
_cКарл Май; състав. и прев. Веселин Стаменов Радков.
_nТ. 4
_pСъкровището в сребърното езеро
257 _aDEU
260 _bОтечество
_c1988
300 _c22 см
380 _aX
505 _gРомани
_tЗавещанието на инката
700 1 _aРадков, Веселин Стаменов
_eсъстав. и прев.
_9365456
760 1 _aМай, Карл
_d1989
_h744 с.
_nВ кн. означено 3. и 1. изд.
_tТ. 4 Съкровището в сребърното езеро
852 _aЦб 154874
856 4 _qpdf
_u
856 4 _qpdf
_u
942 _cKNG
_n0
_04
_s1
944 _aCR
_c28.05.2003
_kВиолета_Тройчева
944 _aED
_c18.02.2011
999 _d21876